Κατάλογος Βιβλιοθηκών Mediterranean College

The Family and Individual Development (Record no. 295)

MARC details
000 -LEADER
fixed length control field 01526cam a22001934a 4500
005 - ΗΜΕΡΟΜΗΝΙΑ ΚΑΙ ΩΡΑ ΤΕΛΕΥΤΑΙΑΣ ΕΝΗΜΕΡΩΣΗΣ
Πεδίο ελέγχου 20250702124542.0
008 - FIXED-LENGTH DATA ELEMENTS--GENERAL INFORMATION
Πεδίο ελέγχου σταθερού μήκους 250528s ||||||||||||||||||||||||d
035 ## - SYSTEM CONTROL NUMBER
System control number 14672
020 ## - ISBN
ISBN 415043255
040 ## - ΠΗΓΗ ΚΑΤΑΛΟΓΟΓΡΑΦΗΣΗΣ
Φορέας πρωτότυπης καταλογογράφησης MC Athens Campus Library
Γλώσσα καταλογογράφησης Ελληνικά, Μοντέρνα (1453-)
Modifying agency MC Athens Campus Library
Κανόνες περιγραφικής καταλογογράφησης AACR2
245 1# - ΤΙΤΛΟΣ ΚΑΙ ΔΗΛΩΣΗ ΥΠΕΥΘΥΝΟΤΗΤΑΣ
Τίτλος The Family and Individual Development
260 ## - PUBLICATION, DISTRIBUTION, ETC.
Name of publisher, distributor, etc. Rouledge,
Date of publication, distribution, etc. 1993
300 ## - PHYSICAL DESCRIPTION
Extent 182
520 ## - SUMMARY, ETC.
Summary, etc. This volume illuminates a central theme: that the health of the family and of the wider society derives from the emotional health of the individual. Preface, Acknowledgements, The First Year of Life: Modern Views on the Emotional Development, The Relationship of a Mother to her Baby at the Beginning, Growth and Development in Immaturity, On Security, The Five-Year-Old, Integrative and Disruptive Factors in Family Life, The Family Affected by Depressive Illness in One or Both Parents, The Effect of Psychosis on Family Life, The Effect of Psychotic Parents on the Emotional Development of the Child, Adolescence: Struggling Through the Doldrums, The Family and Emotional Maturity, Theoretical Statement of the Field of Child Psychiatry, The Contribution of Psycho-Analysis to Midwifery, Advising Parents, Casework with Mentally Ill Children, The Deprived Child and How He Can be Compensated for Loss of Family Life, Group Influences and the Maladjusted Child: The School Aspect, Some Thoughts on the Meaning of the Word Democracy, Index.
700 1# - ΠΡΟΣΘΕΤΗ ΑΝΑΓΡΑΦΗ--ΦΥΣΙΚΟ ΠΡΟΣΩΠΟ
Personal name Winnicott, D. W.
Dates associated with a name 1896-1971
Titles and other words associated with a name (Donald Woods)
9 (RLIN) 416
942 ## - ADDED ENTRY ELEMENTS (KOHA)
Koha item type Books
Holdings
Τύπος τεκμηρίου Βιβλιοθήκη Τρέχουσα τοποθεσία Barcode Αριθμός εισαγωγής Ημερομηνία απόκτησης Ταξιθετικό σύμβολο Αριθμός αντιτύπου Κατάσταση απόσυρσης Κατάσταση χαμένου Κατάσταση κατεστραμμένου Μη δανεισμός Σύνολο δανεισμών Ημερομηνία τελευταίας εμφάνισης Η τιμή ισχύει από
Books MC Athens Campus Library MC Athens Campus Library 9780000002945 3504 05/06/2025 155.413 WIN 1           05/06/2025 05/06/2025

MC Athens Campus Library
Πατησίων 94 & Κοδριγκτώνος 13, 104 34
Πελλήνης 8 & Πατησίων 107, 112 51
Τ: +30 210 8899600

MC Thessaloniki Campus Library
Ίωνος Δραγούμη 21, 54625 | Ίωνος Δραγούμη 15, 54625
Τ: +30 2310 287779 – Τ: +30 2314 440300